000 00627nam a2200241Ia 4500
003 OSt
005 20221006141654.0
006 a|||||r|||| 00| 0
007 ta
008 221006b |||||||| |||| 00| 0 jpn d
024 _a3,775
037 _bGift, Japan Foundation
_cTextual
040 _aEASL
_cEASL
_bjpn
041 _2jpn
_ajpn
082 _aP42,9, L0;N9.3
245 0 _aChugaku Kokugo
260 _aTokyo
_bKyoiku Shuppan Japan
_c1999
300 _a340p.
_ccm.
490 _v V.3JL
650 _aJL
942 _hP42,9, L0;N9.3
_cTEXL
_2CC
999 _c1071861
_d1071861